000 00449nam a2200145Ia 4500
003 GCL
008 140319s9999 xx 000 0 ara d
040 _aGCL /
_cGCL
082 0 4 _aع
_b641.35655
_bم ب
100 1 _aمحمد على شاكر
245 1 0 _aالربوتين الغذائى الحديث : فول الصويا /
_cمحمد على شاكر
260 _a[S.N] :
_bدار الفكر العربى ،
_c1990
300 _a112 ص
490 _a
999 _c30334
_d30334